Dá sa hospodáriť aj bez "chémie"?
Zmena pohľadu na alternatívnu výrobu potravín vzhľadom na zdravotný stav obyvateľstva, hroziacu ekologickú katastrófu a nevyhnutnosť znižovať vstupy do výroby. Skúsenosti kanadského farmára J. Harisona s organickým poľnohospodárstvom, jeho filozofia hospodárenia.
Salvato in:
| Natura: | Capitolo di libro |
|---|---|
| Lingua: | slovacco |
| Soggetti: | |
| Tags: |
Nessun Tag, puoi essere il primo ad aggiungerne!!
|
MARC
| LEADER | 00000naa a2200000 4500 | ||
|---|---|---|---|
| 001 | r001504 | ||
| 005 | 20220819180724.2 | ||
| 041 | 0 | |a slo | |
| 044 | |a [CS] | ||
| 245 | 1 | 0 | |a Dá sa hospodáriť aj bez "chémie"? |
| 520 | |a Zmena pohľadu na alternatívnu výrobu potravín vzhľadom na zdravotný stav obyvateľstva, hroziacu ekologickú katastrófu a nevyhnutnosť znižovať vstupy do výroby. Skúsenosti kanadského farmára J. Harisona s organickým poľnohospodárstvom, jeho filozofia hospodárenia. | ||
| 610 | 2 | 0 | |a potraviny |
| 610 | 2 | 0 | |a výroba |
| 610 | 2 | 0 | |a zdravie |
| 610 | 2 | 0 | |a ekológia |
| 610 | 2 | 0 | |a Kanada |
| 610 | 2 | 0 | |a poľnohospodárstvo |